000 00468nam a22001812 4500
001 0000005671
005 20151217160111.0
008 070620s xx 000 0 eng d
040 _aKABU
_cKABU
050 0 _aPZ90
_b.S94Y3V53
100 1 _aYahya, A. S.
_@0000156884
245 1 0 _aViatu vya Abu Kasimu.
260 _aNairobi :
_bEAEP,
_c1996.
300 _a18 p.
908 _a070620
950 _@1
999 _c14239
_d14239